LEADER 01675nam0 22004093i 450 001 VAN0279609 005 20240711094057.861 017 70$2N$a9783031386596 100 $a20240711d2023 |0itac50 ba 101 $aeng 102 $aCH 105 $a|||| ||||| 200 1 $aPolynomial Optimization, Moments, and Applications$fMichal Ko?vara, Bernard Mourrain, Cordian Riener editors 210 $aCham$cSpringer$d2023 215 $axiv, 266 p.$cill.$d24 cm 410 1$1001VAN0067197$12001 $aSpringer optimization and its applications$1210 $aBerlin [etc.]$cSpringer$d2006-$v206 610 $aConvex Geometry$9KW:K 610 $aEntropy$9KW:K 610 $aGeometric Modeling$9KW:K 610 $aMoments$9KW:K 610 $aPolynomial optimization$9KW:K 610 $aReal Algebraic Geometry$9KW:K 610 $aSum of Squares$9KW:K 610 $aSymmetry$9KW:K 620 $aCH$dCham$3VANL001889 702 1$aKo?vara$bMichal$3VANV232117 702 1$aMourrain$bBernard$3VANV232118 702 1$aRiener$bCordian$3VANV232119 712 $aSpringer $3VANV108073$4650 801 $aIT$bSOL$c20240719$gRICA 856 4 $uhttps://doi.org/10.1007/978-3-031-38659-6$zE-book ? Accesso al full-text attraverso riconoscimento IP di Ateneo, proxy e/o Shibboleth 899 $aBIBLIOTECA DEL DIPARTIMENTO DI MATEMATICA E FISICA$1IT-CE0120$2VAN08 912 $fN 912 $aVAN0279609 950 $aBIBLIOTECA DEL DIPARTIMENTO DI MATEMATICA E FISICA$d08CONS e-Book 9451 $e08eMF9451 20240715 996 $aPolynomial Optimization, Moments, and Applications$93872780 997 $aUNICAMPANIA LEADER 01818nam2 22003613i 450 001 VAN00238683 005 20241204102857.454 017 70$2N$a9789811395208 100 $a20220131d2020 |0itac50 ba 101 $aeng 102 $aSG 105 $a|||| ||||| 181 $ai$b e 182 $ab 200 1 $aˆ1: ‰Indoor and Outdoor Environment$feditors Zhaojun Wang ... [et al.] 210 $aSingapore$cSpringer$d2020 215 $aXXVIII, 1476 p.$cill.$d24 cm 410 1$1001VAN00109547$12001 $aEnvironmental Science and Engineering$1210 $aCham$cSpringer$d1995- 461 1$1001VAN00238634$12001 $aProceedings of the 11th International Symposium on Heating, Ventilation and Air Conditioning (ISHVAC 2019)$feditors Zhaojun Wang ... [et al.]$1210 $aSingapore$cSpringer$d2020$1215 $avolumi$cill.$d24 cm$v1 620 $aSG$dSingapore$3VANL000061 676 $a720.47$cArchitettura e ambiente. Ecotecnologia. Architettura sostenibile$v22 676 $a658.4$cControllo di qualità$v22 676 $a333.794$cRisorse di energia rinnovabili$v22 702 1$aWang$bZhaojun$3VANV195645 712 $aSpringer $3VANV108073$4650 801 $aIT$bSOL$c20241206$gRICA 856 4 $uhttps://link.springer.com/openurl?genre=book&isbn=978-981-13-9520-8$zE-book - Accesso al full-text attraverso riconoscimento IP di Ateneo, proxy e/o Shibboleth 899 $aBIBLIOTECA DEL DIPARTIMENTO DI SCIENZE E TECNOLOGIE AMBIENTALI BIOLOGICHE E FARMACEUTICHE$1IT-CE0101$2VAN17 912 $fN 912 $aVAN00238683 950 $aBIBLIOTECA DEL DIPARTIMENTO DI SCIENZE E TECNOLOGIE AMBIENTALI BIOLOGICHE E FARMACEUTICHE$d17CONS e-book 2223 $e17BIB2223/411 411 20220131 996 $aIndoor and Outdoor Environment$92834818 997 $aUNICAMPANIA